01012cam a22002173a 45000010005000000030006000050050017000110080041000280400015000690420007000840500007000911000031000982450081001292600029002105050417002395060030006565160020006866530019007068300028007258560041007531276PGUSA20140828082959.0980401s1998||||xxu|||||s|||||000 e eng d aPGUSAbeng adc 4aPR1 aMeynell, Alice,d1847-192214aThe Rhythm of Life, and Other Essaysh[electronic resource] /cAlice Meynell bProject Gutenberg,c19980 aThe rhythm of life -- Decivilised -- A remembrance -- The sun -- The flower -- Unstable equilibrium -- The unit of the world -- By the railway side -- Pocket vocabularies -- Pathos -- The point of honour -- Composure -- Dr. Oliver Wendell Holmes -- James Russell Lowell -- Domus angusta -- Rejection -- The lesson of landscape -- Mr. Coventry Patmore's odes -- Innocence and experience -- Penultimate caricature. aPublic domain in the USA. aElectronic text aEnglish essays 0aProject Gutenbergv127640uhttp://www.gutenberg.org/ebooks/1276